00598nam a22002057a 450000500170000001000430001702000260006003500140008603500170010003700190011703700130013608200110014910000190016024500540017926000300023327000450026330000260030850000520033470000060038620180615112347.0 a1718EN-30ENG-122079 B-688883-885 a9781137608284c495.00 aEN-105611 aB-688883-885 bAtlantic adpl bDBAD/PUB a883.08 aEdwards, Mike  aCharlotte Bronte :cby Mike Edwardsbthe novels / aNew YorkbMacmillanc2016 a175, Fifth Avaenue, bNew YorkeNY-10010v aviii,230p.c21cm(pbk) a Includes bibliographical references and index  a